Biorobotika : teória, princípy, aplikácia v technickej praxi

Na minha lista:
Detalhes bibliográficos
Main Authors: Novák-Marcinčin, Jozef (Author), Smrček, Juraj (Author)
Formato: Livro
Idioma:eslovaco
Publicado em: Košice : Elfa, 1998
Assuntos:
Tags: Adicionar Tag
Sem tags, seja o primeiro a adicionar uma tag!

MARC

LEADER 00000nam a22000003a 4500
001 stu88239
005 20150617225626.8
008 040622s1998----xo------------------slo-d
020 |a 80-88786-84-3 
040 |a STU  |b slo 
041 0 |a slo 
044 |a xo 
080 |a 004.896 
100 1 |a Novák-Marcinčin, Jozef  |4 aut 
245 1 |a Biorobotika :  |b teória, princípy, aplikácia v technickej praxi 
260 |a Košice :  |b Elfa,  |c 1998 
300 |a 180 s 
650 7 |a umelá inteligencia v priemysle  |2 stusub 
700 1 |a Smrček, Juraj  |4 aut 
996 |b 284J021913  |c J*94098  |l JJSK  |s A  |a 24  |w stu88239_0001